000 00249nam a22001217a 4500
003 SGT
082 _a823
_bHOR
100 _aHORNBY NICK
245 _aBRIDGET JONES'S DIARY
260 _aU.K
_bPICADOR PUB
_c2001
300 _a310
942 _2ddc
_cBK
999 _c33466
_d33466